|
|
|
|
| LEADER |
00000nam a2200000 i 4500 |
| 001 |
1/66609 |
| 008 |
931021s eng d |
| 020 |
|
|
|a 0-12-118731-4
|
| 035 |
|
|
|a ΛΕΣΒΟΣb10001756
|l 10001756
|
| 040 |
|
|
|a GR-MY-UA
|b gre
|e aacr
|
| 041 |
0 |
|
|a eng
|
| 082 |
0 |
|
|a 363.705
|
| 245 |
1 |
0 |
|a Changing the global environment :
|b perspectives on human involvement /
|c Edited by Daniel B. Botkin...[et al.]
|
| 260 |
|
|
|a Boston :
|b Academic,
|c 1988
|
| 300 |
|
|
|a 459 p.
|
| 504 |
|
|
|a Includes bibliographical references and index
|
| 650 |
0 |
0 |
|a Nature
|x Effect of human beings on.
|
| 650 |
0 |
0 |
|a Environmental policy.
|
| 650 |
0 |
0 |
|a Pollution.
|
| 700 |
1 |
|
|a Botkin, Daniel B.
|4 edt
|
| 852 |
|
|
|a INST
|b LESVOS
|e 19931021
|h 363.705 CHA
|p 005100004069
|q 005100004069
|t BK
|y 0
|
| 909 |
|
|
|a Λ
|b 017322
|